LEADER 01581nam 2200397 450 001 996280721903316 005 20230814223106.0 010 $a1-5386-4556-4 035 $a(CKB)4100000005061318 035 $a(WaSeSS)IndRDA00121308 035 $a(EXLCZ)994100000005061318 100 $a20200330d2018 uy 0 101 0 $aeng 135 $aur||||||||||| 181 $ctxt$2rdacontent 182 $cc$2rdamedia 183 $acr$2rdacarrier 200 10$a2018 14th International Conference "Stability and Oscillations of Nonlinear Control Systems" (Pyatnitskiy's Conference) $e30 May-1 June 2018, Moscow, Russia /$fInstitute of Electrical and Electronics Engineers. Russia Section 210 1$aPiscataway, New Jersey :$cInstitute of Electrical and Electronics Engineers,$d2018. 215 $a1 online resource (86 pages) 311 $a1-5386-4557-2 606 $aNonlinear systems$vCongresses 606 $aAutomatic control$xMathematical models$vCongresses 606 $aNonlinear oscillations$vCongresses 615 0$aNonlinear systems 615 0$aAutomatic control$xMathematical models 615 0$aNonlinear oscillations 676 $a003.75 712 02$aInstitute of Electrical and Electronics Engineers.$bRussia Section, 712 02$aInstitute of Electrical and Electronics Engineers, 801 0$bWaSeSS 801 1$bWaSeSS 906 $aPROCEEDING 912 $a996280721903316 996 $a2018 14th International Conference "Stability and Oscillations of Nonlinear Control Systems" (Pyatnitskiy's Conference)$92524056 997 $aUNISA LEADER 03180nam 2200745Ia 450 001 9910784250103321 005 20230828225202.0 010 $a1-281-36123-2 010 $a9786611361235 010 $a0-230-60173-1 035 $a(CKB)1000000000342483 035 $a(EBL)308115 035 $a(OCoLC)191944402 035 $a(SSID)ssj0001660677 035 $a(PQKBManifestationID)16437989 035 $a(PQKBTitleCode)TC0001660677 035 $a(PQKBWorkID)14988638 035 $a(PQKB)10179638 035 $a(SSID)ssj0000283855 035 $a(PQKBManifestationID)11242315 035 $a(PQKBTitleCode)TC0000283855 035 $a(PQKBWorkID)10250388 035 $a(PQKB)10636853 035 $a(DE-He213)978-0-230-60173-4 035 $a(MiAaPQ)EBC308115 035 $a(Au-PeEL)EBL308115 035 $a(CaPaEBR)ebr10167472 035 $a(CaONFJC)MIL136123 035 $a(EXLCZ)991000000000342483 100 $a20060419d2006 uy 0 101 0 $aeng 135 $aurcn||||||||| 181 $ctxt 182 $cc 183 $acr 200 00$aRussian strategic thought toward Asia$b[electronic resource] /$fGilbert Rozman, Kazuhito Togo, Joseph P. Ferguson, eds 205 $a1st ed. 2006. 210 $aNew York $cPalgrave Macmillan$d2006 215 $a1 online resource (272 p.) 225 1 $aStrategic thought in Northeast Asia 300 $aDescription based upon print version of record. 311 $a1-349-53619-9 311 $a1-4039-7554-X 320 $aIncludes bibliographical references and index. 327 $aCover; Contents; Acknowledgments; 1 Overview; Part 1 Chronology; 2 Soviet Policy toward the Asia-Pacific Region: The 1980's; 3 Russia's Strategic Thought toward Asia: The Early Yeltsin Years (1991-95); 4 Russian Strategic Thinking toward Asia, 1996-99; 5 Russia's Asia Policy under Vladimir Putin, 2000-5; Part 2 Geography; 6 The Russian Approach to China under Gorbachev, Yeltsin, and Putin; 7 The Policy of Russia toward Japan 1992-2005; 8 Russian Strategic Thinking toward North and South Korea; 9 Russian Strategic Thinking toward Central, South, and Southeast Asia 327 $a10 Russian Strategic Thinking on Asian Regionalism Contributors; Index; 330 $aThe book explains the Putin era's ambivalent approach to Asia and finds lessons from earlier approaches worthy of further attention. The overview compares how strategic thinking evolved, while reflecting on factors that shaped it. 410 0$aStrategic thought in Northeast Asia. 606 $aNational security$zAsia 606 $aNational security$zRussia (Federation) 607 $aAsia$xForeign relations$zRussia (Federation) 607 $aRussia (Federation)$xForeign relations$zAsia 615 0$aNational security 615 0$aNational security 676 $a355/.033047 701 $aRozman$b Gilbert$0135036 701 $aTo?go?$b Kazuhiko$f1945-$0708887 701 $aFerguson$b Joseph P$01105036 801 0$bMiAaPQ 801 1$bMiAaPQ 801 2$bMiAaPQ 906 $aBOOK 912 $a9910784250103321 996 $aRussian strategic thought toward Asia$93790269 997 $aUNINA